[Event "Dov Porath Memorial"]
[Site "Givataim"]
[Date "1997.03.20"]
[Round "3"]
[White "Tsesarsky, Ilya"]
[Black "Finkel, Alexander"]
[Result "1-0"]
[WhiteElo "2390"]
[BlackElo "2505"]
[Annotator "Tsesarsky,I"]
[PlyCount "91"]
[EventDate "1997.03.10"]
[EventType "swiss"]
[EventRounds "7"]
[EventCountry "ISR"]
[SourceTitle "CBM 058"]
[Source "ChessBase"]
[SourceDate "1997.06.01"]
[SourceVersion "1"]
[SourceVersionDate "1997.06.01"]
[SourceQuality "1"]

1. d4 Nf6 2. c4 g6 3. Nc3 d5 4. Nf3 Bg7 5. Qb3 dxc4 6. Qxc4 O-O 7. e4 c6 8. Qb3
a5 9. Be2 (9. a4 $6 Na6 10. Bc4 (10. Be2 Nb4 11. O-O Be6 12. Qd1 h6 $11 {
0-1 Peltonen,B-Lappalainen,S/Vantaa 1996 (44)}) 10... Ne8 11. O-O Nd6 12. Be2
Nb4 13. Be3 Be6 14. Qd1 Bc4 $11 {1/2-1/2 Bronstein David-Liliental A/t, Piarnu
1947 (22)}) (9. e5 Nd5 (9... Nfd7 $5) 10. Be2 Na6 11. Nxd5 cxd5 12. O-O Nb4 13.
Be3 Bf5 14. Rac1 Qd7 15. a3 Nc6 16. Rc5 $14 {Sapi,L-Portisch,F/Budapest HUN ch
1966/1/2-1/2 (49)}) 9... b5 (9... a4 10. Qc2 a3 (10... Bg4 11. Be3 Qa5 (11...
a3 12. O-O axb2 13. Qxb2 Bc8 14. h3 $14 {1/2-1/2 Guimard,C-Iliesco,J/Mar del
Plata m 1944 (31)}) 12. O-O Nbd7 13. Rfd1 Rfc8 14. h3 Bxf3 15. Bxf3 e5 16. d5
cxd5 17. exd5 a3 $132 {0-1 Pinzon Solis,F-Cuellar,M/Mar del Plata 1952 (23)})
11. b4 e5 (11... Bg4 $5) 12. dxe5 Ng4 13. O-O Nxe5 14. Nxe5 Bxe5 15. Be3 Qf6
16. Rac1 Na6 17. b5 Nc7 18. bxc6 bxc6 19. f4 $16 {1/2-1/2 Greenfeld,
A-Vydeslaver,A/ISR-ch Jerusalem 1996 (38)}) 10. Qc2 a4 (10... Bg4 11. Be3 $14)
(10... Na6 11. Bf4 $6 (11. O-O $1 Bg4 (11... Nb4 12. Qb1 $14) 12. Be3 $14) (11.
Be3 $6 Ng4) 11... b4 12. Na4 b3 13. Qxb3 (13. axb3 Nb4 14. Qb1 Nxe4 $1 $17)
13... Nxe4 14. a3 c5 15. Qc2 Bb7 $2 {1-0 Adamski,J-Lukasiewicz,G/Warsaw Legion
op 1989 (29)} (15... Bf5 $1 16. Bd3 e5 $1 17. Bxe5 Bxe5 18. dxe5 Nxf2 19. Qxf2
Qxd3 $17 {-Tsesarsky})) 11. O-O b4 $2 (11... Na6 12. a3 (12. Be3 $6 Ng4 $11 (
12... Nb4 13. Qd2)) (12. Bg5 Nb4 13. Qd2 Bg4 14. Rfd1 $14) 12... Be6 13. Bf4
Bb3 14. Qd2 $14) 12. Nxa4 Nxe4 13. Qxe4 $16 Rxa4 (13... Bf5 14. Qe3 Rxa4 15.
Qb3 Ra8 16. Qxb4 $16) 14. Bc4 (14. Bg5 Re8 15. Rfe1 Be6 $132) (14. Bd2 Be6 (
14... Bf5 15. Qe3 c5 16. Qb3 Qa5 17. Bd1 Bd7 18. Qc4 Bb5 19. Qxc5 Bxf1 20. Bxa4
Qxa4 21. Kxf1 (21. Rxf1 e6 22. Qxb4 Qxa2 23. Rc1 $16) 21... b3 22. a3 $16) 15.
b3 Bd5 16. Qc2 Ra7 17. Bxb4 Bxf3 18. Bxf3 Bxd4 19. Bc3 $14) 14... Ba6 (14...
Bf5 15. Qh4 e6 (15... Nd7 16. Re1 Nf6 17. Bd2 Qd6 18. Rac1 Nd5 19. Bb3 Ra6 20.
Rc5 Rb6 21. Ne5 Bxe5 22. Rxe5 Be6 23. Qh6 Ra8 24. h3 Qd7 25. Kh2 Rbb8 26. g3
Rb6 27. Bc1 Rba6 28. Re4 Rb6 29. Bxd5 Bxd5 30. Rh4 f6 31. Qxh7+ Kf8 32. Qxg6 {
1-0 Khasin,A-Gurgenidze,B/URS-ch29 Baku 1961}) 16. Bg5 f6 17. Bh6 Bxh6 18. Qxh6
Qd6 19. Rfe1 $16) 15. Bxa6 Rxa6 16. Bd2 (16. Bg5 Re8 17. Rfe1 Ra7 18. Bf4 $14)
16... Qd6 (16... c5 17. dxc5 Bxb2 18. Rad1 Qc7 19. Qxb4 (19. Bxb4 Nc6 (19...
Rxa2 20. Qb1 $16) 20. Rd2 Bg7 21. a3 $16) 19... Ba3 20. Qh4 Bxc5 21. Ng5 h5 22.
Ne4 Bb6 23. Bf4 Qb7 24. Nc3 Nc6 $11) 17. Rfc1 (17. Bf4 Qd7 18. Rfe1 e6 19. Be5
Bxe5 20. dxe5 c5 21. Rad1 Qa7 22. Qh4 Rxa2 23. Qh6 Nc6 24. Ng5 f5 25. exf6 Rxf6
26. Nxe6 Qe7 (26... c4 27. Qh4 $18) 27. Nd8 Qf8 28. Qxf8+ Kxf8 29. Ne6+ Kg8 30.
Rd6 Ne5 31. f4 Nf7 32. Rc6 h6 33. Re2 $16) 17... Re8 18. Rc4 (18. Bf4 Qd5 19.
Qxd5 cxd5 20. Be5 Nc6 21. Bxg7 Kxg7 $11) 18... b3 19. a3 $6 (19. a4 $5 Qd5 20.
Qe2 $1 (20. Qd3 Nd7 21. a5 (21. Qxb3 Rb8 22. Qc3 Rxb2 $11) 21... e5 22. Qxb3
exd4 $15) 20... Nd7 21. Rac1 (21. Ra3 Rea8 22. a5 c5 23. Rxb3 cxd4 24. Ra3 e5
$15) 21... c5 22. Be3 cxd4 (22... Rea8 23. dxc5 Rxa4 24. Rxa4 Rxa4 25. c6 $18)
23. Bxd4 Re6 24. Qd2 (24. Qd1 Re4) 24... Re4 25. a5 (25. Rc8 Rxc8 26. Rxc8+ Nf8
27. Bxg7 Qxd2 28. Nxd2 Re1+ 29. Nf1 Kxg7 30. Rc3 Ne6 31. Re3 Ra1 32. Rxb3 Rxa4
$11) 25... e5 26. Be3 Qxd2 27. Nxd2 Rxc4 28. Rxc4 $18 {[%csl Ga5,Rb3]}) 19...
Qd5 20. Qe2 Nd7 21. Rac1 c5 22. Be3 $1 cxd4 (22... Rea8 23. dxc5 Ne5 24. Nxe5
Bxe5 25. c6 $16) 23. Nxd4 $16 Raa8 $2 (23... Rb6 24. h3 $1 $16 (24. Nc6 Qe6 25.
Qd2 Ra6 26. Nd4 Qd5 27. Qe2 Rb6) (24. Nf3 Rbb8 25. Rd1 (25. Rc7 Rb7 26. Rxb7
Qxb7 27. Bd4 $14) 25... Qb7 26. Rb4 Qc7 27. Rc1 Qd6)) 24. Nxb3 $18 Ne5 25. R4c3
Reb8 26. Nd4 (26. Bf4 Rd8 27. Nc5 $18) 26... h5 27. h3 (27. Rc7 Qa2 28. R1c2
Qb1+ 29. Bc1 e6 30. Nf3 Rd8 (30... Nxf3+ 31. Qxf3 Rf8 $16)) 27... Kh7 28. b4
Ra4 29. Rc5 Qe4 30. Nb5 Qd3 (30... Nd3 31. R1c4 Nxc5 32. Rxe4 Nxe4 33. Qc2 $18)
31. Qc2 (31. R1c2 Qxe2 32. Rxe2 Nd7 33. Rc7 Rxb5 34. Rxd7 Rxa3 35. Bc5 Bf6 36.
Bxe7 Ra1+ 37. Kh2 Kg7 38. Bd6 Rb1 39. Rc2 $16) 31... Qxc2 32. R1xc2 Nd7 33. Rc7
Ne5 (33... Rxb5 34. Rxd7 Rxa3 35. Rxe7 Rxb4 36. Rxf7 Kg8 37. Re7 Rb1+ 38. Kh2
Ra8 39. Rc6 Rf8 40. Bh6 $1 $18) 34. Ra7 Rxa7 35. Nxa7 Rb7 36. b5 f5 37. f4 Nd7
38. a4 Nb6 39. Bxb6 Rxb6 40. Nc6 Rb7 41. Rd2 (41. h4 $18) 41... h4 42. Kf2 g5
43. fxg5 Kg6 44. Rd5 Kxg5 45. a5 e6 46. a6 $1 1-0